Discographie du groupe Led Zeppelin - Statistiques

Statistiques générales
  • Ce quiz a été pris 106 fois
  • Le résultat moyen est 33 sur 81
Statistiques - réponses
Hint Réponse % Correct
4 Stairway to Heaven
95%
6 Kashmir
83%
1 Black Dog
82%
1 Whole lotta love
81%
1 Immigrant Song
77%
4 Dazed and Confused
76%
2 Rock and Roll
72%
1 Good times bad times
71%
2 Babe I'm gonna leave you
69%
4 Since I've been loving you
67%
7 Communication Breakdown
65%
8 When the Levee breaks
65%
5 Heartbreaker
63%
7 Going to California
60%
8 Moby Dick (Instrumental)
59%
7 Ramble on
59%
3 The Lemon song
55%
8 The Ocean
54%
7 No Quarter
53%
7 Tangerine
53%
9 How many more times
51%
3 The Battle of Evermore
51%
2 The Rain Song
50%
6 All my Love
49%
6 D'yer Mak'er
49%
1 Achilles last Stand
47%
1 The Song remains the same
47%
4 Thank you
46%
8 I can't quit you baby
45%
3 I can't quit you baby
45%
5 Misty Mountain Hop
45%
2 The Rover
44%
6 Four Sticks
42%
4 House of the Holy
42%
6 Black Mountain Side
41%
3 Over the Hills and far away
41%
2 Friends
38%
9 Bring it on home
37%
5 Your Time is gonna come
37%
3 You shook me
37%
7 In the Light
36%
10 Ten Years gone
36%
3 Celebration Day
35%
5 Dancing days
35%
6 Gallows Pole
35%
1 In the Evening
35%
6 Living loving Maid (She's just a woman)
35%
8 Bron-Y-Aur
33%
1 Custard Pie
33%
3 In my Time of dying
33%
9 Down by the Seaside
32%
4 The Crunge
32%
2 What is and what should never be
32%
8 That's the way
31%
5 Trampled under foot
31%
7 Bonzo's Montreux
29%
9 Bron-Y-Aur Stomp
29%
3 Fool in the rain
29%
4 Hot Dog
29%
10 Hats off to (Roy) Harper
28%
4 Nobody's fault but mine
28%
7 Tea for one
27%
7 I'm gonna crawl
26%
5 Out on the tiles
26%
12 The Wanton Song
26%
13 Boogie with Stu
24%
15 Sick again
24%
5 Carouselambra
23%
11 Night Flight
22%
14 Black country Woman
21%
6 Darlene
21%
3 Royal Orleans
21%
2 South Bound Saurez
19%
2 Poor Tom
18%
8 Wearing and Tearing
18%
5 Candy Store Rock
17%
2 For your Life
15%
1 We're gonna groove
15%
5 Ozone Baby
14%
4 Walter's Walk
13%
6 Hots on for Nowhere
12%
Aucun quiz correspondant
Distribution des résultats
% des personnes avec chaque résultat
Percentile par nombre de réponses
Votre historique - résultats
Vous n’avez pas pris ce quiz